-
Mamoria , Dr. C.B. and Gankar',S.V.
Entry Personal Name
Number of records used in: 1
001 - CONTROL NUMBER
003 - CONTROL NUMBER IDENTIFIER
005 - DATE AND TIME OF LATEST TRANSACTION
- control field:
20180801143418.0
008 - FIXED-LENGTH DATA ELEMENTS
- fixed length control field:
180801|| aca||aabn | a|a d
040 ## - CATALOGING SOURCE
- Original cataloging agency:
OSt
- Transcribing agency:
OSt
100 ## - HEADING--PERSONAL NAME
- Personal name:
Mamoria , Dr. C.B. and Gankar',S.V.
670 ## - SOURCE DATA FOUND
- Source citation:
Work cat.: (OSt)781: Mamoria , Dr. C.B. and Gankar',S.V. , Personal Management, 2001